LDR 00759naa#a2200193#i#450# 001 EN\\bibl\120474 005 20260515010011.5 011 ## _a2782-5957 100 ## _a20260430b2026####ek#y0engy0150####ca 102 ## _aRU 200 1# _aANALYSIS OF BRIDLE OPTIONS FOR EFFECTIVE BALLASTING DURING LAYING OF OIL AND GAS PIPELINES _eJournal article 210 1# _aBryansk _cBryansk State Technical University _d2026 215 ## _a9 с. 608 ## _aJournal article _2local 675 ## _aПрокладка трубопроводов через реки и другие препятствия. 621.644.074 _z 686 ## _aОбщие вопросы транспорта. 391 _2bbk 700 #1 _aVayner _gLeonid Grigor'evich 700 #1 _aPetkevich _gVsevolod Mikhailovich 856 4# _anaukaru.ru _u